000 00470nam a2200193Ia 4500
003 OSt
005 20250814113900.0
008 250729s2006 xx 000 0 und d
020 _a978-8120717473
040 _cAL
041 _aeng
082 _a301.7 MATA
100 _aSindhu kulbeer singh
_9221290
245 _aThe teaching of mathematics
260 _aAgra
_bVinod Piustak Mandir
_c2006
300 _a519p
650 _aEducation
_9221291
942 _2ddc
_cBED
999 _c234941
_d234941